00517nam a2200181 a 4500090001400000041000800014100002600022245004400048260006600092300001100158700002700169700002700196700003000223700003000253700002500283942001200308999001500320 aLBb03867 aspa aAmend, Stephan992327 aPlanes de manejo conceptos y propuestas aPanamábParques Nacionales y Conservación Ambientalc2002 a110 p. aGiraldo, Aída992328 aOltremari, Juan992329 aSánchez, Ramón992330 aValarezo, Vladimir992331 aYeren, Edgard992332 cIMPRESO c4182d4182